ON 27 7002 Hydraulická lopatová rýpadla. JK 534, 533

Bibliographic Details
Format: Book
Language:Undetermined
PhysicalDescription:4 s.
Published: Praha ÚMN 1989

MARC

LEADER 00000nam a2200000 a 4500
001 vtls001332954
003 SK-MaSNL
005 20260224021813.0
008 210928s1989 xx 0 und
035 |a SNK000285867 
040 |a SNK  |b slo  |c SNK  |e AACR2 
245 1 |a ON 27 7002 Hydraulická lopatová rýpadla. JK 534, 533 
260 |a Praha  |b ÚMN  |c 1989 
300 |a 4 s. 
958 |a OND 
999 |c 804749  |d 806679 
952 |t P60, <04>, [BOOK], {604}  |a SNK  |b SNK  |y VYP  |7 0  |p 17A0143993  |o snkON 27 7002  |0 0  |1 0  |4 0  |d 1998-06-01  |l 0  |r 2005-01-02 00:00:00  |w 2026-02-24